<?xml version="1.0" encoding="UTF-8"?>
<record
    xmlns:xsi="http://www.w3.org/2001/XMLSchema-instance"
    xsi:schemaLocation="http://www.loc.gov/MARC21/slim http://www.loc.gov/standards/marcxml/schema/MARC21slim.xsd"
    xmlns="http://www.loc.gov/MARC21/slim">

  <leader>01692cam a2200313 i 4500</leader>
  <controlfield tag="001">xx002158724</controlfield>
  <controlfield tag="003">NUKAT</controlfield>
  <controlfield tag="005">20260416194923.0</controlfield>
  <controlfield tag="008">110811s1906    ru           |000 0 pol c</controlfield>
  <datafield tag="035" ind1=" " ind2=" ">
    <subfield code="a">(OCoLC)802434429</subfield>
  </datafield>
  <datafield tag="035" ind1=" " ind2=" ">
    <subfield code="a">(NUKAT)xx002158724</subfield>
  </datafield>
  <datafield tag="040" ind1=" " ind2=" ">
    <subfield code="a">POZN U/MC</subfield>
    <subfield code="c">POZN U/MC</subfield>
    <subfield code="d">POZN U/KK</subfield>
    <subfield code="d">POZN U/DWs</subfield>
  </datafield>
  <datafield tag="041" ind1="1" ind2=" ">
    <subfield code="a">pol</subfield>
    <subfield code="h">ger</subfield>
  </datafield>
  <datafield tag="099" ind1=" " ind2=" ">
    <subfield code="a">tn_792110</subfield>
  </datafield>
  <datafield tag="245" ind1="0" ind2="0">
    <subfield code="a">Nowo wydany Kancyona&#x142; pruski, zawierai&#x105;cy w sobie wyb&#xF3;r pie&#x15B;ni starych i nowych, w ziemi pruskiey i brandenburskiey zwyczaynych, z wyrokami Pisma &#x15A;. nad ka&#x17C;d&#x105; pie&#x15B;ni&#x105; z gorliwemi modlitwami ko&#x15B;cielnemi, pospolitemi i osobliwemi, wszystkim w obec s&#x142;u&#x17C;&#x105;cemi, a oraz te&#x17C; z potrzebnemi reiestrami z przedmow&#x105; nauczai&#x105;c&#x105; jakim sposobem tego Kancyona&#x142;u ka&#x17C;dy ku zbudowaniu swemu za&#x17C;ywa&#x107; ma.</subfield>
  </datafield>
  <datafield tag="246" ind1="3" ind2="0">
    <subfield code="a">Nowo wydany kancjona&#x142; pruski zawieraj&#x105;cy w sobie wyb&#xF3;r pie&#x15B;ni starych i nowych w ziemi pruskiej i brandenburskiej zwyczajnych [...]</subfield>
  </datafield>
  <datafield tag="246" ind1="3" ind2="0">
    <subfield code="a">Kancyona&#x142; pruski zawierai&#x105;cy w sobie wyb&#xF3;r pie&#x15B;ni starych i nowych w ziemi pruskiey i brandenburskiey zwyczaynych [...]</subfield>
  </datafield>
  <datafield tag="260" ind1=" " ind2=" ">
    <subfield code="a">Kr&#xF3;lewiec :</subfield>
    <subfield code="b">Hartung,</subfield>
    <subfield code="c">1906.</subfield>
  </datafield>
  <datafield tag="300" ind1=" " ind2=" ">
    <subfield code="a">[1023] s. pag. varia ;</subfield>
    <subfield code="c">18 cm.</subfield>
  </datafield>
  <datafield tag="336" ind1=" " ind2=" ">
    <subfield code="a">Tekst</subfield>
    <subfield code="b">txt</subfield>
    <subfield code="2">rdacontent</subfield>
  </datafield>
  <datafield tag="337" ind1=" " ind2=" ">
    <subfield code="a">Bez urz&#x105;dzenia po&#x15B;rednicz&#x105;cego</subfield>
    <subfield code="b">n</subfield>
    <subfield code="2">rdamedia</subfield>
  </datafield>
  <datafield tag="338" ind1=" " ind2=" ">
    <subfield code="a">Wolumin</subfield>
    <subfield code="b">nc</subfield>
    <subfield code="2">rdacarrier</subfield>
  </datafield>
  <datafield tag="500" ind1=" " ind2=" ">
    <subfield code="a">Czcionka gotycka.</subfield>
  </datafield>
  <datafield tag="546" ind1=" " ind2=" ">
    <subfield code="a">Tekst t&#x142;. z niem. z zachowaniem oryginalnych tytu&#x142;&#xF3;w pie&#x15B;ni.</subfield>
  </datafield>
  <datafield tag="650" ind1=" " ind2="4">
    <subfield code="a">Pie&#x15B;ni religijne niemieckie</subfield>
    <subfield code="v">teksty</subfield>
    <subfield code="v">t&#x142;umaczenia polskie.</subfield>
    <subfield code="2">kaba</subfield>
    <subfield code="9">5048</subfield>
  </datafield>
  <datafield tag="650" ind1=" " ind2="4">
    <subfield code="a">Ko&#x15B;ci&#xF3;&#x142; ewangelicko-augsburski</subfield>
    <subfield code="v">pie&#x15B;ni religijne.</subfield>
    <subfield code="2">kaba</subfield>
    <subfield code="9">5047</subfield>
  </datafield>
  <datafield tag="650" ind1=" " ind2="4">
    <subfield code="a">Modlitwy</subfield>
    <subfield code="x">Ko&#x15B;ci&#xF3;&#x142; ewangelicko-augsburski.</subfield>
    <subfield code="2">kaba</subfield>
    <subfield code="9">5049</subfield>
  </datafield>
  <datafield tag="942" ind1=" " ind2=" ">
    <subfield code="2">ddc</subfield>
    <subfield code="c">BK_NM</subfield>
  </datafield>
  <datafield tag="999" ind1=" " ind2=" ">
    <subfield code="c">27625</subfield>
    <subfield code="d">27625</subfield>
  </datafield>
  <datafield tag="952" ind1=" " ind2=" ">
    <subfield code="0">0</subfield>
    <subfield code="1">0</subfield>
    <subfield code="2">ddc</subfield>
    <subfield code="4">1</subfield>
    <subfield code="7">0</subfield>
    <subfield code="8">PBKH</subfield>
    <subfield code="a">BIP</subfield>
    <subfield code="b">PBKH</subfield>
    <subfield code="d">2026-04-16</subfield>
    <subfield code="e">K-40/1969</subfield>
    <subfield code="f">K</subfield>
    <subfield code="i">12930</subfield>
    <subfield code="l">0</subfield>
    <subfield code="o">12930</subfield>
    <subfield code="p">IPWK16593</subfield>
    <subfield code="r">2026-04-16 19:56:29</subfield>
    <subfield code="w">2026-04-16</subfield>
    <subfield code="y">BK_NM</subfield>
    <subfield code="z">Na ko&#x144;cu tekstu brak stron 11-15. </subfield>
  </datafield>
</record>
